Operations management for competitive advantage / (Record no. 684)

MARC details
000 -LEADER
fixed length control field 01722cam a22004094a 4500
001 - CONTROL NUMBER
control field 13812912
005 - DATE AND TIME OF LATEST TRANSACTION
control field 20260326121639.0
008 - FIXED-LENGTH DATA ELEMENTS--GENERAL INFORMATION
fixed length control field 041213s2006 maua b 001 0 eng
010 ## - LIBRARY OF CONGRESS CONTROL NUMBER
LC control number 2004065627
020 ## - INTERNATIONAL STANDARD BOOK NUMBER
International Standard Book Number 0072983906 (hbk. : alk. paper student ed.)
020 ## - INTERNATIONAL STANDARD BOOK NUMBER
International Standard Book Number 9780072983906 (hbk. : alk. paper student ed.)
020 ## - INTERNATIONAL STANDARD BOOK NUMBER
International Standard Book Number 0072983930 (alk. paper)
020 ## - INTERNATIONAL STANDARD BOOK NUMBER
International Standard Book Number 9780072983937 (alk. paper)
035 ## - SYSTEM CONTROL NUMBER
System control number (OCoLC)ocm57285909
035 ## - SYSTEM CONTROL NUMBER
System control number (OCoLC)57285909
040 ## - CATALOGING SOURCE
Original cataloging agency DLC
Transcribing agency DLC
Modifying agency NLGGC
-- BSULIB
042 ## - AUTHENTICATION CODE
Authentication code pcc
050 00 - LIBRARY OF CONGRESS CALL NUMBER
Classification number TS155
Item number .C4237 2006
082 00 - DEWEY DECIMAL CLASSIFICATION NUMBER
Classification number 658.4
Edition number 22
Item number CHA
084 ## - OTHER CLASSIFICATION NUMBER
Classification number 85.35
Source of number bcl
084 ## - OTHER CLASSIFICATION NUMBER
Source of number bcl
100 1# - MAIN ENTRY--PERSONAL NAME
Personal name Chase, Richard B.
9 (RLIN) 1838
245 10 - TITLE STATEMENT
Title Operations management for competitive advantage /
Statement of responsibility, etc Richard B. Chase, F. Robert Jacobs, Nicholas J. Aquilano.
250 ## - EDITION STATEMENT
Edition statement 11th ed.
260 ## - PUBLICATION, DISTRIBUTION, ETC. (IMPRINT)
Place of publication, distribution, etc Boston :
Name of publisher, distributor, etc McGraw-Hill/Irwin,
Date of publication, distribution, etc c2006.
300 ## - PHYSICAL DESCRIPTION
Extent xix, 806 p. :
Other physical details col. ill. ;
Dimensions 29 cm +
Accompanying material 1 CD-ROM (4 3/4 in.).
440 #0 - SERIES STATEMENT/ADDED ENTRY--TITLE
Title McGraw-Hill/Irwin series operations and decision sciences
9 (RLIN) 1839
504 ## - BIBLIOGRAPHY, ETC. NOTE
Bibliography, etc Includes bibliographical references and indexes.
538 ## - SYSTEM DETAILS NOTE
System details note System requirements for accompanying CD-Rom: Pentium processor, Microsoft Windows 98/2000/XP, Microsoft internet explorer 5.5,Microsoft office or equivalent.
650 #0 - SUBJECT ADDED ENTRY--TOPICAL TERM
Topical term or geographic name as entry element Production management.
9 (RLIN) 646
658 ## - INDEX TERM--CURRICULUM OBJECTIVE
Main curriculum objective Management
Subordinate curriculum objective Operations Management.
700 1# - ADDED ENTRY--PERSONAL NAME
Personal name Jacobs, F. Robert.
9 (RLIN) 1840
700 1# - ADDED ENTRY--PERSONAL NAME
Personal name Aquillano, Nicholas J
9 (RLIN) 26401
906 ## - LOCAL DATA ELEMENT F, LDF (RLIN)
a 7
b cbc
c orignew
d 1
e ocip
f 20
g y-gencatlg
942 ## - ADDED ENTRY ELEMENTS (KOHA)
Source of classification or shelving scheme Dewey Decimal Classification
Item type Books
Holdings
Withdrawn status Lost status Source of classification or shelving scheme Damaged status Not for loan Collection code Home library Current library Shelving location Date acquired Source of acquisition Inventory number Total Checkouts Full call number Barcode Date last seen Copy number Price effective from Koha item type Public note
    Dewey Decimal Classification       Main Library Main Library Reserve Book Section 08/01/2010 Purchased 21096   658.4 CHA bsu26030494 08/01/2013 001 08/01/2013 Books Material available in hard copy

© 2017 Bishop Stuart University Library. All Rights Reserved.
Kakoba Campus, Plot 150 Buremba Road | P.O. Box 9, Mbarara, UGANDA | Tel: +256-772-463068
Email: library@bsu.ac.ug